| 000 | 00000nam##2200000za#4500 |
| 001 | 9.697006 |
| 003 | CaOODSP |
| 005 | 20210624235305 |
| 007 | cr ||||||||||| |
| 008 | 150407|1996||||xxc|||||o f|0| 0 eng|d |
| 040 | |aCaOODSP|beng |
| 043 | |an-cn--- |
| 086 | 1 |aCS92-N0086/1996E-PDF |
| 245 | 00|aCitizenship and place of birth - training guide |h[electronic resource] |
| 260 | |aOttawa - Ontario : |bStatistics Canada |c1996. |
| 500 | |aHistorical census publication digitized by Statistics Canada. |
| 590 | |a12-44-Supp|b2012-12-13 |
| 690 | 07|aCensus|2gcpds |
| 690 | 07|aCoding|2gcpds |
| 710 | 2 |aStatistics Canada. |
| 775 | 08|tCitoyenneté et lieu de naissance - guide de formation |w(CaOODSP)9.641080 |
| 856 | 40|ahttp://publications.gc.ca|qPDF|s1056 KB|uhttps://publications.gc.ca/collections/collection_2012/statcan/rh-hc/CS92-N0086-1996-eng.pdf |
| 986 | |aCIT-2 |